Normal view
MARC view
- Bray, Nathaniel.
Entry Personal Name
001 - CONTROL NUMBER
- control field: 61144
003 - CONTROL NUMBER IDENTIFIER
- control field: OSt
005 - DATE AND TIME OF LATEST TRANSACTION
- control field: 20240916143130.0
008 - FIXED-LENGTH DATA ELEMENTS
- fixed length control field: 240916|| aca||aabn | a|a d
040 ## - CATALOGING SOURCE
- Original cataloging agency: OSt
- Transcribing agency: OSt
100 ## - HEADING--PERSONAL NAME
- Personal name: Bray, Nathaniel.
- Relator term: author.
670 ## - SOURCE DATA FOUND
- Source citation: Work cat.: (OSt): Alexander, F King. author. 61142, Introduction to the special edition on u.s. public community college finance issues and challenges /, Winter 2023.
